000 00324cam a2200133ua 4500
020 _a81-7216-014-3
082 _a155.2
_bJAG/PE
100 _aJagdish, Prakash C .
_91467
245 _aPersonality Through Perception /
250 _a1 /
260 _a :
_bFriends Publications ,
_c1993.
300 _a238 ; .
942 _cREF
999 _c7777
_d7777